Breve historia de la justicia administrativa en Cuba hasta 1958

Detalles Bibliográficos
Autor principal: Matilla Correa, Andry
Formato: eBook
Lenguaje:español
Publicado: La Habana: Unin̤ Nacional de Juristas de Cuba, 2021
Materias:
Acceso en línea:Acceso restringido

MARC

LEADER 00000nam a22000007a 4500
005 20211012211622.0
007 cr|||| ||||
008 211012s2021 cu |||||s|||| 00||0 spa d
020 |a 978-959-7219-7-12 
035 |a 35241 
040 |a vLex 
090 |c 12519  |d 12519 
100 1 |a Matilla Correa, Andry 
245 1 0 |a Breve historia de la justicia administrativa en Cuba hasta 1958  |h [Recurso electrn̤ico] /  |c Andry Matilla Correa 
256 |a Servicio en ln̕ea 
260 |a La Habana:  |b Unin̤ Nacional de Juristas de Cuba,  |c 2021 
300 |a 1 recurso electrn̤ico 
506 1 |a Disponible solo en los productos indicados  |d vLex Global  |d vLex Global (Academic Edition, excluding Law Schools)  |d vLex Global (U.S. Academic Edition, Law Schools)  |d vLex Global (U.S. Academic Edition, excluding Law Schools)  |d vLex Global (Academic Edition, Law Schools) 
650 0 4 |a Derecho Constitucional  |z Cuba 
650 0 4 |a Derecho Militar  |z Cuba 
650 0 4 |a Filosofa̕ y religin̤  |z Cuba 
740 0 |a vLex Libros (Servicio en ln̕ea) 
856 4 0 |u https://app.vlex.com/#/sources/35241  |z Acceso restringido 
942 |c BOOK 
999 0 |a Constitutional Law 
999 0 |a Military Law 
999 0 |a Philosophy and religion